000 00401nam a22001697a 4500
005 20260509130436.0
008 160614b xxu||||| |||| 00| 0 eng d
020 _a0-7494-4233-6
041 _aeng
082 _a659.1
100 _aRoman, Kenneth & Mas Jane
_91846
245 _aHow to advertise
260 _bKogen Pege India (p) ltd
_c2003
300 _a194
650 _aManagement
942 _cBK
999 _c2596
_d2595